[Event "Eliminacje Strefowe do MPJ WP+ZP - C-11"]
[Site "Skorzecin"]
[Date "2018.09.27"]
[Round "6.1"]
[White "Baszczynski, Gabriel"]
[Black "Stanislawski, Karol"]
[Result "1-0"]
[BlackElo "1072"]
[WhiteElo "1363"]
[LiveChessVersion "1.4.8"]

1. Nf3 {[%clk 1:30:57]} c5 {[%clk 1:30:50]} 2. c4 {[%clk 1:31:24]} g6
{[%clk 1:30:54]} 3. g3 {[%clk 1:31:46]} Bg7 {[%clk 1:31:18]} 4. Bg2
{[%clk 1:32:06]} Nf6 {[%clk 1:31:31]} 5. b3 {[%clk 1:31:41]} O-O {[%clk 1:31:29]}
6. Bb2 {[%clk 1:32:05]} Nc6 {[%clk 1:31:26]} 7. d3 {[%clk 1:32:21]} b6
{[%clk 1:28:33]} 8. Nbd2 {[%clk 1:32:43]} Bb7 {[%clk 1:28:56]} 9. O-O
{[%clk 1:33:05]} Qc7 {[%clk 1:27:45]} 10. e3 {[%clk 1:33:02]} Rfe8
{[%clk 1:27:27]} 11. d4 {[%clk 1:33:16]} e6 {[%clk 1:27:02]} 12. dxc5
{[%clk 1:32:24]} bxc5 {[%clk 1:27:17]} 13. Rc1 {[%clk 1:32:37]} Nb4
{[%clk 1:26:50]} 14. Ra1 {[%clk 1:31:53]} d5 {[%clk 1:26:21]} 15. Qe2
{[%clk 1:31:49]} Rad8 {[%clk 1:25:59]} 16. a3 {[%clk 1:31:34]} Nc6
{[%clk 1:25:38]} 17. Rac1 {[%clk 1:31:35]} Qb6 {[%clk 1:15:49]} 18. Rfd1
{[%clk 1:29:38]} Na5 {[%clk 1:14:04]} 19. Bc3 {[%clk 1:29:05]} Nc6
{[%clk 1:11:05]} 20. b4 {[%clk 1:22:27]} cxb4 {[%clk 1:10:15]} 21. axb4
{[%clk 1:22:51]} dxc4 {[%clk 1:08:30]} 22. Nxc4 {[%clk 1:20:02]} Ba6
{[%clk 1:06:03]} 23. Qa2 {[%clk 1:20:24]} Bxc4 {[%clk 1:05:42]} 24. Qxc4
{[%clk 1:20:42]} Nd5 {[%clk 1:04:16]} 25. Bxg7 {[%clk 1:20:59]} Kxg7
{[%clk 1:02:20]} 26. Qxc6 {[%clk 1:21:20]} Qxc6 {[%clk 1:02:16]} 27. Rxc6
{[%clk 1:21:19]} Nxb4 {[%clk 1:02:13]} 28. Rxd8 {[%clk 1:21:35]} Rxd8
{[%clk 1:02:28]} 29. Rc7 {[%clk 1:21:57]} Ra8 {[%clk 1:02:24]} 30. Ne5
{[%clk 1:22:15]} Rf8 {[%clk 1:02:04]} 31. Rxa7 {[%clk 1:22:18]} Kf6
{[%clk 1:01:46]} 32. Nd7+ {[%clk 1:22:43]} Ke7 {[%clk 1:02:09]} 33. Nxf8+
{[%clk 1:23:02]} Kxf8 {[%clk 1:02:33]} 34. Be4 {[%clk 1:23:22]} Kg7
{[%clk 1:02:32]} 35. Ra4 {[%clk 1:23:40]} Nd5 {[%clk 1:02:32]} 36. Bxd5
{[%clk 1:24:02]} exd5 {[%clk 1:02:53]} 37. Rd4 {[%clk 1:24:28]} h5
{[%clk 1:02:35]} 38. Rxd5 {[%clk 1:24:52]} Kf6 {[%clk 1:02:49]} 39. Kg2
{[%clk 1:25:09]} Ke6 {[%clk 1:03:08]} 40. Ra5 {[%clk 1:25:33]} Kf6
{[%clk 1:03:03]} 41. Kf3 {[%clk 1:25:57]} Ke6 {[%clk 1:03:23]} 42. Kf4
{[%clk 1:26:24]} Kf6 {[%clk 1:03:31]} 43. Ra6+ {[%clk 1:26:51]} Kg7
{[%clk 1:03:49]} 44. Kg5 {[%clk 1:27:13]} f6+ {[%clk 1:03:25]} 45. Rxf6
{[%clk 1:27:37]} h4 {[%clk 1:03:23]} 46. gxh4 {[%clk 1:27:56]} Kh7
{[%clk 1:03:45]} 47. Rxg6 {[%clk 1:28:20]} Kh8 {[%clk 1:04:04]} 48. Kf6
{[%clk 1:28:44]} Kh7 {[%clk 1:04:26]} 49. Kf7 {[%clk 1:29:08]} Kh8
{[%clk 1:04:51]} 50. Rh6# 1-0

[Event "Eliminacje Strefowe do MPJ WP+ZP - C-11"]
[Site "Skorzecin"]
[Date "2018.09.27"]
[Round "6.2"]
[White "Ratajczak, Marcin"]
[Black "Skrzypinski, Jan"]
[Result "0-1"]
[BlackElo "1423"]
[WhiteElo "1129"]
[LiveChessVersion "1.4.8"]

1. d4 {[%clk 1:30:58]} Nf6 {[%clk 1:30:52]} 2. c4 {[%clk 1:31:20]} e6
{[%clk 1:31:19]} 3. Nf3 {[%clk 1:31:36]} Bb4+ {[%clk 1:31:45]} 4. Nc3
{[%clk 1:31:53]} d5 {[%clk 1:32:10]} 5. cxd5 {[%clk 1:32:18]} Nxd5
{[%clk 1:32:33]} 6. Bd2 {[%clk 1:32:30]} Bxc3 {[%clk 1:32:51]} 7. bxc3
{[%clk 1:32:50]} O-O {[%clk 1:33:07]} 8. e3 {[%clk 1:33:07]} c5 {[%clk 1:33:16]}
9. c4 {[%clk 1:33:15]} Nf6 {[%clk 1:33:36]} 10. Bc3 {[%clk 1:33:20]} Nc6
{[%clk 1:33:50]} 11. Be2 {[%clk 1:33:29]} Ne4 {[%clk 1:33:42]} 12. Bb2
{[%clk 1:33:23]} Qa5+ {[%clk 1:33:35]} 13. Nd2 {[%clk 1:33:15]} Rd8
{[%clk 1:33:32]} 14. Bf3 {[%clk 1:31:40]} Nxd2 {[%clk 1:33:48]} 15. Qxd2
{[%clk 1:31:41]} Qxd2+ {[%clk 1:34:11]} 16. Kxd2 {[%clk 1:32:06]} cxd4
{[%clk 1:34:36]} 17. exd4 {[%clk 1:31:49]} Nxd4 {[%clk 1:34:50]} 18. Kc3
{[%clk 1:31:37]} Nxf3 {[%clk 1:35:11]} 19. gxf3 {[%clk 1:31:59]} b6
{[%clk 1:35:36]} 20. Rhg1 {[%clk 1:32:05]} Bb7 {[%clk 1:35:48]} 21. Kc2
{[%clk 1:32:13]} g6 {[%clk 1:36:08]} 22. Rg3 {[%clk 1:32:17]} Rac8
{[%clk 1:36:27]} 23. Kb3 {[%clk 1:32:01]} Rd3+ {[%clk 1:36:52]} 24. Kc2
{[%clk 1:32:09]} Rxf3 25. Rxf3 {[%clk 1:32:11]} Bxf3 {[%clk 1:37:45]} 26. Kb3
{[%clk 1:31:26]} f5 {[%clk 1:37:37]} 27. Rg1 {[%clk 1:30:53]} Rd8
{[%clk 1:37:33]} 28. Bc3 {[%clk 1:30:40]} Be2 {[%clk 1:37:29]} 29. Re1
{[%clk 1:30:48]} Bd1+ {[%clk 1:37:48]} 30. Kb2 {[%clk 1:30:53]} Kf7
{[%clk 1:38:11]} 31. h4 {[%clk 1:28:55]} Bg4 {[%clk 1:38:10]} 32. Re3
{[%clk 1:27:22]} Rd1 {[%clk 1:37:29]} 33. Kc2 {[%clk 1:27:24]} Rh1
{[%clk 1:36:28]} 34. f3 {[%clk 1:27:10]} Rh3 {[%clk 1:33:45]} 35. Bd4
{[%clk 1:26:53]} Bxf3 {[%clk 1:34:00]} 36. a4 {[%clk 1:26:54]} Be4+
{[%clk 1:34:25]} 37. Kc3 {[%clk 1:26:56]} Rxh4 {[%clk 1:34:41]} 38. a5
{[%clk 1:27:03]} bxa5 {[%clk 1:33:37]} 39. Bxa7 {[%clk 1:27:19]} Rh1
{[%clk 1:33:03]} 40. c5 {[%clk 1:27:31]} Bd5 {[%clk 1:31:49]} 41. Kb2
{[%clk 1:27:13]} a4 {[%clk 1:31:45]} 42. Ra3 {[%clk 1:27:16]} Bc6
{[%clk 1:31:49]} 43. Rd3 {[%clk 1:27:09]} Bd5 {[%clk 1:30:40]} 44. Rc3
{[%clk 1:27:10]} Be4 {[%clk 1:28:21]} 45. c6 {[%clk 1:26:40]} Rb1+
{[%clk 1:28:44]} 46. Ka2 {[%clk 1:26:46]} Rb3 {[%clk 1:27:16]} 47. Rc1
{[%clk 1:25:51]} Bd5 {[%clk 1:24:35]} 48. Ka1 {[%clk 1:26:05]} Ra3+
{[%clk 1:24:51]} 49. Kb1 {[%clk 1:26:06]} e5 {[%clk 1:24:26]} 50. c7
{[%clk 1:26:08]} Rb3+ {[%clk 1:24:15]} 51. Ka1 {[%clk 1:26:18]} Be6
{[%clk 1:24:22]} 52. c8=Q {[%clk 1:26:06]} Bxc8 {[%clk 1:24:48]} 53. Rxc8
{[%clk 1:26:23]} Rb7 {[%clk 1:24:52]} 54. Bc5 {[%clk 1:26:35]} f4
{[%clk 1:25:10]} 55. Rf8+ {[%clk 1:26:45]} Ke6 {[%clk 1:25:35]} 56. Re8+
{[%clk 1:26:51]} Kd5 {[%clk 1:25:58]} 57. Bg1 {[%clk 1:26:55]} g5
{[%clk 1:25:54]} 58. Rg8 {[%clk 1:27:10]} h6 {[%clk 1:26:19]} 59. Rh8
{[%clk 1:27:26]} Rc7 {[%clk 1:26:37]} 60. Rd8+ {[%clk 1:27:35]} Ke4
{[%clk 1:26:51]} 61. Rd1 {[%clk 1:27:28]} g4 {[%clk 1:26:49]} 62. Re1+
{[%clk 1:27:31]} Kf5 {[%clk 1:27:13]} 63. Rf1 {[%clk 1:27:40]} g3
{[%clk 1:27:27]} 64. Kb1 {[%clk 1:27:35]} h5 {[%clk 1:27:49]} 65. Be3
{[%clk 1:27:14]} h4 {[%clk 1:28:13]} 66. Bd2 {[%clk 1:27:34]} h3 {[%clk 1:28:34]}
67. Be1 {[%clk 1:27:45]} Kg4 {[%clk 1:28:58]} 68. Bxg3 {[%clk 1:27:51]} fxg3
{[%clk 1:29:22]} 69. Re1 {[%clk 1:28:16]} g2 {[%clk 1:29:46]} 70. Re4+
{[%clk 1:28:28]} Kf3 {[%clk 1:30:12]} 71. Rxe5 {[%clk 1:28:44]} g1=Q+
{[%clk 1:30:31]} 72. Ka2 {[%clk 1:29:03]} Qf2+ {[%clk 1:30:39]} 73. Ka3
{[%clk 1:29:24]} Rc3+ {[%clk 1:31:02]} 74. Kxa4 {[%clk 1:29:35]} Qd4+
{[%clk 1:31:23]} 75. Ka5 {[%clk 1:29:54]} Qxe5+ {[%clk 1:31:48]} 76. Ka4
{[%clk 1:30:12]} Qd4+ {[%clk 1:32:13]} 77. Kb5 {[%clk 1:30:24]} Rc5+
{[%clk 1:32:39]} 78. Kb6 {[%clk 1:30:48]} Qb4+ {[%clk 1:33:04]} 79. Ka6
{[%clk 1:31:04]} Ra5# 0-1

[Event "Eliminacje Strefowe do MPJ WP+ZP - C-11"]
[Site "Skorzecin"]
[Date "2018.09.27"]
[Round "6.3"]
[White "Kolendo, Kajetan"]
[Black "Labedzki, Kamil"]
[Result "1-0"]
[BlackElo "1210"]
[WhiteElo "1152"]
[LiveChessVersion "1.4.8"]

1. e4 {[%clk 1:30:57]} e5 {[%clk 1:30:52]} 2. Nf3 {[%clk 1:31:22]} Nc6
{[%clk 1:31:18]} 3. Bc4 {[%clk 1:31:47]} Nf6 {[%clk 1:31:25]} 4. Ng5
{[%clk 1:32:15]} d5 {[%clk 1:31:53]} 5. exd5 {[%clk 1:32:44]} Na5
{[%clk 1:32:21]} 6. Bb5+ {[%clk 1:33:13]} c6 {[%clk 1:32:17]} 7. dxc6
{[%clk 1:33:42]} bxc6 {[%clk 1:32:46]} 8. Qf3 {[%clk 1:33:44]} Bb7
{[%clk 1:31:46]} 9. Ba4 {[%clk 1:34:00]} h6 {[%clk 1:29:36]} 10. Ne4
{[%clk 1:33:35]} Nxe4 {[%clk 1:27:52]} 11. Qxe4 {[%clk 1:33:45]} Qd4
{[%clk 1:27:15]} 12. Qxd4 {[%clk 1:33:25]} exd4 {[%clk 1:27:44]} 13. d3
{[%clk 1:33:10]} Bb4+ {[%clk 1:27:25]} 14. Bd2 {[%clk 1:32:56]} Bxd2+
{[%clk 1:26:33]} 15. Nxd2 {[%clk 1:33:24]} Bc8 {[%clk 1:26:29]} 16. b4
{[%clk 1:33:41]} Nb7 {[%clk 1:26:55]} 17. Bxc6+ {[%clk 1:34:00]} Kd8
{[%clk 1:26:52]} 18. O-O {[%clk 1:34:08]} Bd7 {[%clk 1:27:01]} 19. Bxb7
{[%clk 1:34:36]} Rb8 {[%clk 1:27:23]} 20. Bd5 {[%clk 1:34:12]} f6
{[%clk 1:25:47]} 21. a3 {[%clk 1:34:15]} Re8 {[%clk 1:25:20]} 22. Nb3
{[%clk 1:32:16]} Be6 {[%clk 1:23:09]} 23. Bxe6 {[%clk 1:31:48]} Rxe6
{[%clk 1:23:19]} 24. Nxd4 {[%clk 1:32:16]} Rd6 {[%clk 1:23:22]} 25. Nf5
{[%clk 1:32:13]} Rd7 {[%clk 1:23:47]} 26. Rfe1 {[%clk 1:32:13]} Rc8
{[%clk 1:22:37]} 27. Re2 {[%clk 1:32:07]} Rc3 {[%clk 1:22:15]} 28. Ne3
{[%clk 1:31:33]} g6 {[%clk 1:21:26]} 29. Nc4 {[%clk 1:31:12]} g5 {[%clk 1:20:55]}
30. Re6 {[%clk 1:31:18]} Rxc2 {[%clk 1:20:31]} 31. Re3 {[%clk 1:30:46]} Rc3
{[%clk 1:20:29]} 32. Rd1 {[%clk 1:30:11]} Rxc4 {[%clk 1:20:58]} 33. Re6
{[%clk 1:26:18]} Rcd4 {[%clk 1:20:00]} 34. Rxf6 {[%clk 1:24:51]} R4d6
{[%clk 1:17:52]} 35. Rxd6 {[%clk 1:23:50]} Rxd6 {[%clk 1:18:21]} 36. d4
{[%clk 1:23:52]} Kc7 {[%clk 1:18:34]} 37. Kf1 {[%clk 1:24:13]} Kb6
{[%clk 1:18:58]} 38. a4 {[%clk 1:24:20]} Kc6 {[%clk 1:18:14]} 39. Ke2
{[%clk 1:23:16]} Kd5 {[%clk 1:18:43]} 40. Kd3 {[%clk 1:23:45]} Rf6
{[%clk 1:18:49]} 41. f3 {[%clk 1:23:02]} Rf4 {[%clk 1:19:04]} 42. Kc3
{[%clk 1:22:57]} Rf6 {[%clk 1:18:59]} 43. Kd3 {[%clk 1:21:14]} Rf4
{[%clk 1:18:52]} 44. Ke3 {[%clk 1:15:06]} Rf6 {[%clk 1:18:23]} 45. Rc1
{[%clk 1:14:49]} Kd6 {[%clk 1:17:57]} 46. b5 {[%clk 1:09:22]} Re6+
{[%clk 1:18:08]} 47. Kd3 {[%clk 1:09:39]} Kd7 {[%clk 1:18:37]} 48. g3
{[%clk 1:03:24]} Rf6 {[%clk 1:17:39]} 49. Rf1 {[%clk 1:00:33]} Ke6
{[%clk 1:16:39]} 50. Re1+ {[%clk 0:48:01]} Kd7 {[%clk 1:16:25]} 51. Re3
{[%clk 0:42:26]} Kd6 {[%clk 1:16:45]} 52. Kc4 {[%clk 0:39:40]} Rf8
{[%clk 1:16:15]} 53. d5 {[%clk 0:30:31]} Rc8+ {[%clk 1:15:56]} 54. Kd4
{[%clk 0:30:36]} Rc1 {[%clk 1:16:07]} 55. Re6+ {[%clk 0:29:19]} Kd7
{[%clk 1:16:20]} 56. Rxh6 {[%clk 0:29:03]} Rd1+ {[%clk 1:16:34]} 57. Kc4
{[%clk 0:29:32]} Rc1+ {[%clk 1:17:03]} 58. Kb3 {[%clk 0:29:54]} Rd1
{[%clk 1:17:22]} 59. Rh7+ {[%clk 0:28:19]} Kd6 {[%clk 1:17:49]} 60. Rxa7
{[%clk 0:28:03]} Rd3+ {[%clk 1:18:17]} 61. Kc4 {[%clk 0:27:44]} Rxf3
{[%clk 1:17:59]} 62. Ra6+ {[%clk 0:23:56]} Kd7 {[%clk 1:17:59]} 63. b6
{[%clk 0:22:46]} Rf1 {[%clk 1:17:19]} 64. Ra7+ {[%clk 0:17:10]} Kc8
{[%clk 1:17:33]} 65. Kb5 {[%clk 0:16:55]} Rf5 {[%clk 1:17:51]} 66. Ka6
{[%clk 0:17:10]} Rxd5 {[%clk 1:17:24]} 67. Ra8+ {[%clk 0:16:28]} Kd7
{[%clk 1:17:23]} 68. b7 {[%clk 0:16:42]} Rd6+ {[%clk 1:15:37]} 69. Ka7
{[%clk 0:16:57]} Rd4 {[%clk 1:15:47]} 70. b8=Q {[%clk 0:16:36]} Rxa4+
{[%clk 1:16:12]} 71. Kb6 {[%clk 0:16:45]} Rb4+ {[%clk 1:13:31]} 72. Kc5
{[%clk 0:17:05]} Rxb8 {[%clk 1:11:33]} 73. Rxb8 {[%clk 0:17:29]} Ke6
{[%clk 1:11:56]} 74. Kd4 {[%clk 0:17:26]} Kf5 {[%clk 1:12:25]} 75. Ke3
{[%clk 0:17:55]} Kg4 {[%clk 1:12:54]} 76. Rb5 {[%clk 0:17:39]} Kh5
{[%clk 1:13:12]} 77. Kf3 {[%clk 0:17:56]} Kh6 {[%clk 1:13:34]} 78. Kg4
{[%clk 0:18:22]} Kh7 {[%clk 1:13:54]} 79. Rxg5 {[%clk 0:18:37]} Kh6
{[%clk 1:14:08]} 80. Kf5 {[%clk 0:19:04]} Kh7 {[%clk 1:14:30]} 81. Kf6
{[%clk 0:19:23]} Kh6 {[%clk 1:14:58]} 82. h4 {[%clk 0:19:29]} Kh7
{[%clk 1:15:24]} 83. Ke7 {[%clk 0:19:38]} Kh6 {[%clk 1:15:36]} 84. Kf7
{[%clk 0:20:03]} Kh7 {[%clk 1:15:59]} 85. Rh5# 1-0

[Event "Eliminacje Strefowe do MPJ WP+ZP - C-11"]
[Site "Skorzecin"]
[Date "2018.09.28"]
[Round "7.1"]
[White "Skrzypinski, Jan"]
[Black "Garwacki, Kornel"]
[Result "1-0"]
[BlackElo "1213"]
[WhiteElo "1423"]
[LiveChessVersion "1.4.8"]

1. d4 {[%clk 1:30:58]} d5 {[%clk 1:30:56]} 2. Bf4 {[%clk 1:31:23]} Nc6
{[%clk 1:31:18]} 3. e3 {[%clk 1:31:49]} Nf6 {[%clk 1:31:15]} 4. Bd3
{[%clk 1:32:11]} e6 {[%clk 1:31:22]} 5. Nf3 {[%clk 1:32:29]} Bd7 {[%clk 1:31:19]}
6. c3 {[%clk 1:31:39]} Bd6 {[%clk 1:30:27]} 7. Bg3 {[%clk 1:32:01]} Ne7
{[%clk 1:29:00]} 8. Nbd2 {[%clk 1:31:51]} Bxg3 {[%clk 1:29:19]} 9. hxg3
{[%clk 1:31:35]} c6 {[%clk 1:28:43]} 10. Qc2 {[%clk 1:31:32]} h6 {[%clk 1:28:33]}
11. O-O-O {[%clk 1:31:21]} b5 {[%clk 1:28:16]} 12. Nb3 {[%clk 1:29:04]} a5
{[%clk 1:25:22]} 13. Nc5 {[%clk 1:25:50]} Qb6 {[%clk 1:23:17]} 14. Ne5
{[%clk 1:24:25]} a4 {[%clk 1:20:25]} 15. a3 {[%clk 1:24:43]} Bc8 {[%clk 1:08:48]}
16. g4 {[%clk 1:22:30]} Nd7 {[%clk 1:00:59]} 17. Nexd7 {[%clk 1:22:15]} Bxd7
{[%clk 1:01:16]} 18. f4 {[%clk 1:22:09]} O-O-O {[%clk 0:59:42]} 19. Rhe1
{[%clk 1:21:29]} h5 {[%clk 0:57:31]} 20. g5 {[%clk 1:19:02]} g6 {[%clk 0:55:45]}
21. e4 {[%clk 1:18:29]} Rh7 {[%clk 0:52:56]} 22. exd5 {[%clk 1:16:50]} cxd5
{[%clk 0:49:28]} 23. Qe2 {[%clk 1:16:49]} Be8 {[%clk 0:44:27]} 24. Rh1
{[%clk 1:16:02]} Bc6 {[%clk 0:34:55]} 25. Rde1 {[%clk 1:15:23]} Re8
{[%clk 0:32:18]} 26. g4 {[%clk 1:15:46]} h4 {[%clk 0:31:04]} 27. Qf2
{[%clk 1:14:10]} Reh8 {[%clk 0:30:31]} 28. f5 {[%clk 1:14:10]} gxf5
{[%clk 0:29:54]} 29. gxf5 {[%clk 1:14:29]} Nxf5 30. Bxf5 {[%clk 1:14:51]} exf5
{[%clk 0:30:16]} 31. Qxf5+ {[%clk 1:15:15]} Kb8 {[%clk 0:27:57]} 32. Qf6
{[%clk 1:15:25]} Rd8 {[%clk 0:26:04]} 33. Re7 {[%clk 1:15:13]} Ka8
{[%clk 0:25:13]} 34. Rb7 {[%clk 1:15:01]} Qxb7 {[%clk 0:24:33]} 35. Nxb7
{[%clk 1:15:26]} Rc8 {[%clk 0:24:27]} 36. Na5 {[%clk 1:14:51]} Bb7
{[%clk 0:24:33]} 37. Qe7 {[%clk 1:14:23]} Rb8 {[%clk 0:24:55]} 38. g6
{[%clk 1:14:48]} Rg7 {[%clk 0:24:35]} 39. gxf7 {[%clk 1:15:08]} h3
{[%clk 0:24:15]} 40. Qxb7+ {[%clk 1:15:20]} Rxb7 {[%clk 0:24:25]} 41. f8=Q+
{[%clk 1:15:45]} Ka7 {[%clk 0:24:36]} 42. Nxb7 {[%clk 1:16:09]} Rxb7
{[%clk 0:24:56]} 43. Rxh3 {[%clk 1:16:32]} b4 {[%clk 0:25:20]} 44. Qc5+
{[%clk 1:16:57]} Ka6 {[%clk 0:25:31]} 45. Rh6+ {[%clk 1:17:20]} Rb6
{[%clk 0:25:46]} 46. Qxb6# 1-0

[Event "Eliminacje Strefowe do MPJ WP+ZP - C-11"]
[Site "Skorzecin"]
[Date "2018.09.28"]
[Round "7.3"]
[White "Stanislawski, Karol"]
[Black "Kolendo, Kajetan"]
[Result "1/2-1/2"]
[BlackElo "1152"]
[WhiteElo "1072"]
[LiveChessVersion "1.4.8"]

1. d4 {[%clk 1:30:55]} e6 {[%clk 1:30:59]} 2. c4 {[%clk 1:31:15]} d5
{[%clk 1:31:26]} 3. Nf3 {[%clk 1:31:37]} Nf6 {[%clk 1:31:50]} 4. g3
{[%clk 1:31:57]} Be7 {[%clk 1:32:15]} 5. Bg2 {[%clk 1:32:21]} O-O
{[%clk 1:32:37]} 6. O-O {[%clk 1:32:40]} dxc4 {[%clk 1:32:43]} 7. Nbd2
{[%clk 1:31:48]} a6 {[%clk 1:27:17]} 8. Nxc4 {[%clk 1:30:32]} b5 {[%clk 1:26:15]}
9. Nfe5 {[%clk 1:30:21]} Nd5 {[%clk 1:20:50]} 10. Na5 {[%clk 1:23:04]} Bb4
{[%clk 1:09:29]} 11. Nac6 {[%clk 1:22:02]} Nxc6 {[%clk 0:46:42]} 12. Nxc6
{[%clk 1:21:21]} Qd6 {[%clk 0:44:16]} 13. Nxb4 {[%clk 1:21:23]} Qxb4
{[%clk 0:44:30]} 14. a3 {[%clk 1:21:00]} Qd6 {[%clk 0:44:13]} 15. e4
{[%clk 1:18:15]} Nb6 {[%clk 0:42:41]} 16. e5 {[%clk 1:18:24]} Qd7
{[%clk 0:43:09]} 17. Bxa8 {[%clk 1:18:19]} Nxa8 {[%clk 0:43:38]} 18. Be3
{[%clk 1:17:19]} Bb7 {[%clk 0:43:12]} 19. Rc1 {[%clk 1:16:44]} Nb6
{[%clk 0:39:15]} 20. Qg4 {[%clk 1:15:16]} Kh8 {[%clk 0:39:02]} 21. h4
{[%clk 0:51:25]} Nc4 {[%clk 0:38:09]} 22. Qe2 {[%clk 0:46:50]} Qd5
{[%clk 0:29:55]} 23. f3 {[%clk 0:45:29]} Rd8 {[%clk 0:20:08]} 24. b3
{[%clk 0:42:39]} Nxe3 {[%clk 0:17:15]} 25. Qxe3 {[%clk 0:42:40]} c6
{[%clk 0:16:58]} 26. Rc5 {[%clk 0:31:47]} Qxd4 {[%clk 0:15:53]} 27. Qxd4
{[%clk 0:31:54]} Rxd4 {[%clk 0:16:21]} 28. Rc3 {[%clk 0:31:54]} Rd2
{[%clk 0:15:33]} 29. Rf2 {[%clk 0:31:49]} Rd5 {[%clk 0:14:07]} 30. Re2
{[%clk 0:30:50]} Kg8 {[%clk 0:13:38]} 31. Kf2 {[%clk 0:30:06]} Kf8
{[%clk 0:14:00]} 32. g4 {[%clk 0:29:59]} h6 {[%clk 0:12:41]} 33. Kg3
{[%clk 0:29:44]} Ke7 {[%clk 0:10:25]} 34. f4 {[%clk 0:29:05]} a5 {[%clk 0:07:18]}
35. f5 {[%clk 0:28:39]} b4 {[%clk 0:07:26]} 36. axb4 {[%clk 0:28:56]} axb4
{[%clk 0:07:53]} 37. Rf3 {[%clk 0:28:53]} Ra5 {[%clk 0:07:33]} 1/2-1/2

[Event "Eliminacje Strefowe do MPJ WP+ZP - C-11"]
[Site "Skorzecin"]
[Date "2018.09.29"]
[Round "8.1"]
[White "Stanislawski, Karol"]
[Black "Skrzypinski, Jan"]
[Result "0-1"]
[BlackElo "1423"]
[WhiteElo "1072"]
[LiveChessVersion "1.4.8"]

1. d4 {[%clk 1:30:58]} Nf6 {[%clk 1:30:52]} 2. Nf3 {[%clk 1:31:19]} g6
{[%clk 1:31:02]} 3. g3 {[%clk 1:31:39]} d6 {[%clk 1:31:27]} 4. Bg2
{[%clk 1:31:55]} Bg7 {[%clk 1:31:48]} 5. O-O {[%clk 1:31:43]} O-O
{[%clk 1:31:55]} 6. c4 {[%clk 1:32:00]} Nbd7 {[%clk 1:32:13]} 7. Nc3
{[%clk 1:31:15]} c6 {[%clk 1:32:38]} 8. e4 {[%clk 1:31:31]} e5 {[%clk 1:32:39]}
9. d5 {[%clk 1:31:20]} cxd5 {[%clk 1:33:02]} 10. cxd5 {[%clk 1:31:44]} Nc5
{[%clk 1:31:55]} 11. Ne1 {[%clk 1:29:40]} b6 {[%clk 1:32:16]} 12. f4
{[%clk 1:29:34]} Nfd7 {[%clk 1:30:29]} 13. Kh1 {[%clk 1:27:47]} f5
{[%clk 1:30:39]} 14. Qc2 {[%clk 1:17:46]} Ba6 {[%clk 1:28:59]} 15. Rf2
{[%clk 1:17:00]} exf4 {[%clk 1:26:23]} 16. Bxf4 {[%clk 1:16:34]} Ne5
{[%clk 1:24:56]} 17. Bf1 {[%clk 1:11:10]} Ng4 {[%clk 1:24:21]} 18. Rf3
{[%clk 1:10:48]} fxe4 {[%clk 1:24:00]} 19. Nxe4 {[%clk 1:09:25]} Bxf1
{[%clk 1:23:54]} 20. Bxd6 {[%clk 1:01:11]} Rxf3 {[%clk 1:23:22]} 21. Nxf3
{[%clk 1:01:18]} Nxe4 {[%clk 1:23:42]} 22. Rxf1 {[%clk 1:01:25]} Nxd6
{[%clk 1:23:59]} 23. Qd2 {[%clk 1:00:31]} Qf6 {[%clk 1:23:27]} 24. b3
{[%clk 1:00:05]} Ne4 {[%clk 1:23:44]} 25. Qe2 {[%clk 0:58:45]} Re8
{[%clk 1:24:00]} 26. Kg2 {[%clk 0:57:12]} Bh6 {[%clk 1:23:20]} 27. h3
{[%clk 0:55:15]} Ne3+ {[%clk 1:23:36]} 28. Kh2 {[%clk 0:55:02]} Nxf1+
{[%clk 1:23:55]} 29. Qxf1 {[%clk 0:55:24]} Qb2+ {[%clk 1:24:11]} 30. Qg2
{[%clk 0:55:04]} Nf2 {[%clk 1:24:31]} 31. g4 {[%clk 0:53:59]} Bf4+
{[%clk 1:24:54]} 32. Kg1 {[%clk 0:54:16]} Re2 {[%clk 1:24:35]} 33. d6
{[%clk 0:53:05]} Qb1+ {[%clk 1:24:43]} 34. Qf1 {[%clk 0:53:14]} Nxh3+
{[%clk 1:24:59]} 0-1

[Event "Eliminacje Strefowe do MPJ WP+ZP - C-11"]
[Site "Skorzecin"]
[Date "2018.09.29"]
[Round "8.2"]
[White "Ratajczak, Marcin"]
[Black "Baszczynski, Gabriel"]
[Result "0-1"]
[BlackElo "1363"]
[WhiteElo "1129"]
[LiveChessVersion "1.4.8"]

1. e4 {[%clk 1:30:57]} c5 {[%clk 1:30:56]} 2. Nf3 {[%clk 1:31:20]} e6
{[%clk 1:31:21]} 3. d4 {[%clk 1:31:38]} cxd4 {[%clk 1:31:45]} 4. Nxd4
{[%clk 1:31:58]} Nf6 {[%clk 1:32:07]} 5. Nc3 {[%clk 1:32:23]} d6 {[%clk 1:32:32]}
6. Be2 {[%clk 1:32:27]} a6 {[%clk 1:32:55]} 7. Be3 {[%clk 1:32:27]} Be7
{[%clk 1:33:14]} 8. O-O {[%clk 1:32:27]} O-O {[%clk 1:33:34]} 9. f4
{[%clk 1:32:42]} Nbd7 {[%clk 1:33:32]} 10. Kh1 {[%clk 1:31:26]} Qc7
{[%clk 1:33:37]} 11. Qe1 {[%clk 1:31:27]} b6 {[%clk 1:32:01]} 12. Qg3
{[%clk 1:27:06]} Bb7 {[%clk 1:32:11]} 13. e5 {[%clk 1:26:00]} dxe5
{[%clk 1:32:08]} 14. fxe5 {[%clk 1:26:18]} Qxe5 {[%clk 1:31:48]} 15. Qh3
{[%clk 1:24:45]} Bc5 {[%clk 1:25:10]} 16. Rad1 {[%clk 1:23:50]} Qc7
{[%clk 1:24:47]} 17. Bd3 {[%clk 1:21:45]} e5 {[%clk 1:22:41]} 18. Nf5
{[%clk 1:21:01]} Bxe3 {[%clk 1:22:04]} 19. Qxe3 {[%clk 1:18:35]} Nc5
{[%clk 1:19:58]} 20. Qg3 {[%clk 1:14:00]} Ne6 {[%clk 1:20:07]} 21. Ne3
{[%clk 1:10:44]} e4 {[%clk 1:18:05]} 22. Qxc7 {[%clk 1:10:02]} Nxc7
{[%clk 1:18:28]} 23. Be2 {[%clk 1:09:24]} Ne6 {[%clk 1:18:21]} 24. Nf5
{[%clk 1:09:07]} Rad8 {[%clk 1:17:52]} 25. Ne7+ {[%clk 1:08:34]} Kh8
{[%clk 1:18:16]} 26. Nf5 {[%clk 1:08:34]} Nd5 {[%clk 1:13:22]} 27. Nxe4
{[%clk 1:01:46]} Ndf4 {[%clk 1:13:23]} 28. Nfd6 {[%clk 1:00:18]} Bxe4
{[%clk 1:09:30]} 29. Rxf4 {[%clk 1:00:06]} Nxf4 {[%clk 1:09:31]} 30. Nxf7+
{[%clk 1:00:19]} Kg8 {[%clk 1:09:55]} 31. Nxd8 {[%clk 0:59:12]} Nxe2
{[%clk 1:10:14]} 32. Ne6 {[%clk 0:58:37]} Rf6 {[%clk 1:09:32]} 33. Rd8+
{[%clk 0:58:10]} Kf7 {[%clk 1:09:44]} 34. Ng5+ {[%clk 0:58:26]} Kg6
{[%clk 1:10:07]} 35. h4 {[%clk 0:56:47]} Bb7 {[%clk 1:09:38]} 36. Re8
{[%clk 0:52:00]} Rf2 {[%clk 1:07:47]} 37. Nh3 {[%clk 0:49:19]} Ng3+
{[%clk 1:07:19]} 0-1